LEADER 00876nam1 2200277 450 001 000003531 005 20050630115900.0 100 $a--------d19982002km-y0itay50------ba 101 $aita 102 $aIT 200 1 $aDiritto del lavoro$fFranco Carinci, Raffaele De Luca Tamajo, Paolo Tosi, Tiziano Treu 205 $a4. ed. 210 $aTorino$cUTET$d1998-2002 215 $a2 v.$d24 cm 463 \1$1001000003532$12001 $a<>diritto sindacale 463 \1$1001000003533$12001 $a<>rapporto di lavoro subordinato 610 1 $aDiritto del lavoro 676 $a344.4501 700 1$aCarinci,$bFranco$044481 701 1$aDe Luca Tamajo,$bRaffaele$0133022 701 1$aTosi,$bPaolo$0133023 701 1$aTreu,$bTiziano$089104 801 0$aIT $bUNIPARTHENOPE $gRICA $2UNIMARC 912 $a000003531 996 $aDiritto del lavoro$91223530 997 $aUNIPARTHENOPE LEADER 01103nas0 2200301 450 001 000021228 005 20081006102940.0 011 $a1122-195X 100 $a20080407a19939999km-y0itay50------ba 101 0 $aita 102 $aIT 110 $aaku----0uu- 200 1 $aA.I.O.N. Slavistica$eannali dell'istituto orientale di Napoli$fDipartimento di studi dell'Europa orientale, sezione slavistica 207 0$aA.1, n.1 (1993)- 210 $aFirenze$cCadmo$d1993- 215 $av.$d24 cm. 326 $aAnnuale 676 $a891.8$v(21. ed.)$9Letterature slave 801 0$aIT$bUniversità della Basilicata - B.I.A.$gRICA$2unimarc 912 $a000021228 958 $aB.I.A. PSU$c1993;$tA$nIn attesa di collocazione 996 $aA.I.O.N. Slavistica$988908 997 $aUNIBAS CAT $aAGD$b20$c20080407$lBAS01$h1216 CAT $aAGD$b20$c20080828$lBAS01$h1123 CAT $aAGD$b30$c20081006$lBAS01$h1029 FMT Z30 -2$lBAS01$LBAS01$mISSUE$1BASA1$APolo Storico-Umanistico$2GEN$BCollezione generale$5L89789$820080417$f51$FRiservati$hlibreria chiari deposito 19/B$i20080417$j20080417 LEADER 01630nam 22005174a 450 001 9910454966103321 005 20200520144314.0 010 $a0-313-00299-1 035 $a(CKB)111056485430212 035 $a(EBL)3000549 035 $a(SSID)ssj0000152524 035 $a(PQKBManifestationID)11157461 035 $a(PQKBTitleCode)TC0000152524 035 $a(PQKBWorkID)10339271 035 $a(PQKB)10300851 035 $a(MiAaPQ)EBC3000549 035 $a(Au-PeEL)EBL3000549 035 $a(CaPaEBR)ebr10005698 035 $a(OCoLC)55149769 035 $a(EXLCZ)99111056485430212 100 $a20000315d2001 uy 0 101 0 $aeng 135 $aur|n|---||||| 181 $ctxt 182 $cc 183 $acr 200 00$aExtraordinary behavior$b[electronic resource] $ea case study approach to understanding social problems /$fedited by Dennis L. Peck and Norman A. Dolch 210 $aWestport, Conn. $cPraeger$d2001 215 $a1 online resource (284 p.) 300 $aDescription based upon print version of record. 311 $a0-275-97015-9 320 $aIncludes bibliographical references and index. 606 $aSocial problems$zUnited States$vCase studies 607 $aUnited States$xSocial conditions$y1980- 608 $aElectronic books. 615 0$aSocial problems 676 $a361.1/0973 701 $aPeck$b Dennis L$0975876 701 $aDolch$b Norman A$g(Norman Allan)$0975877 801 0$bMiAaPQ 801 1$bMiAaPQ 801 2$bMiAaPQ 906 $aBOOK 912 $a9910454966103321 996 $aExtraordinary behavior$92222278 997 $aUNINA